Language Quiz

Random Language or Letter Quiz

Missing Letters Quiz Stats

 Plays Quiz Updated Apr 3, 2020

     
Support Sporcle.
Go Orange.
Score 0/8 Timer 12:00
0 Plays Today
Pattern Word % Correct
_ A Z _Jazz
81.2%
_ E _ O NXenon
60.5%
_ H _ _ U _ HThrough
58.5%
_ _ I _ E RQuiver
41.8%
_ _ _ R AHydra
26.7%
_ A _ _ YWacky
26.2%
_ H _ _ G _Phlegm
19.7%
_ _ I L _ _ F _Bailiffs
18.6%

From the Vault

Minefield Map: African Capitals

by citkeane

This quiz is a minefield? Uganda be kidding me.
Remove Ads.
Support Sporcle.
Get the best of Sporcle when you Go Orange. This ad-free experience offers more features, more stats, and more fun while also helping to support Sporcle. Thank you for becoming a member.

Show Comments

Extras

Top Quizzes Today


Score Distribution

Your Account Isn't Verified!

In order to create a playlist on Sporcle, you need to verify the email address you used during registration. Go to your Sporcle Settings to finish the process.

Report this User

Report this user for behavior that violates our Community Guidelines.

Details: